|
|
|
|
| LEADER |
02469cas a2200253 a 4500 |
| 001 |
AALejournalIMF015202 |
| 008 |
230101c9999 xx r poo 0 0eng d |
| 020 |
|
|
|c 50.00 USD
|
| 020 |
|
|
|z 9781484358696
|
| 022 |
|
|
|a 1020-5071
|
| 040 |
|
|
|a BD-DhAAL
|c BD-DhAAL
|
| 110 |
2 |
|
|a International Monetary Fund.
|b Research Dept.
|
| 240 |
1 |
0 |
|a Perspectivas de la economia mundial, abril de 2015: Crecimiento dispar; factores a corto y largo plazo.
|l Spanish
|
| 245 |
1 |
0 |
|a Perspectivas de la economia mundial, abril de 2015 :
|b Crecimiento dispar; factores a corto y largo plazo.
|
| 264 |
|
1 |
|a Washington, D.C. :
|b International Monetary Fund,
|c 2015.
|
| 300 |
|
|
|a 1 online resource (247 pages)
|
| 490 |
1 |
|
|a World Economic Outlook
|
| 500 |
|
|
|a <strong>Off-Campus Access:</strong> No User ID or Password Required
|
| 500 |
|
|
|a <strong>On-Campus Access:</strong> No User ID or Password Required
|
| 506 |
|
|
|a Electronic access restricted to authorized BRAC University faculty, staff and students
|
| 520 |
3 |
|
|a El crecimiento mundial sigue siendo moderado y desigual, y varias fuerzas complejas estan determinando las perspectivas: tendencias a mediano y largo plazo, shocks mundiales y muchos factores especificos de paises y regiones. En el informe WEO de abril de 2015 se examinan las causas e implicaciones de tendencias recientes, como los precios mas bajos del petroleo, que estan estimulando el crecimiento a escala mundial y en muchos paises importadores de petroleo pero que estan lastrando la actividad en los paises exportadores de petroleo, y fluctuaciones importantes de los tipos de cambio de las principales divisas, debidas a variaciones en las tasas de crecimiento y las politicas cambiarias de los paises y a precios mas bajos del petroleo. Ademas, en los capitulos analiticos se estudia la tasa de crecimiento del producto potencial en las distintas economias avanzadas y de mercados emergentes, evaluando su evolucion reciente y probable trayectoria futura; y el desempeno de la inversion privada fija en las economias avanzadas, un tema destacado del debate sobre politicas publicas en los ultimos anos, centrando la atencion en la debilidad economica general como causa de los resultados observados.
|
| 538 |
|
|
|a Mode of access: Internet
|
| 830 |
|
0 |
|a World Economic Outlook; World Economic Outlook ;
|v No. 2015/001
|
| 856 |
4 |
0 |
|z Full text available on IMF
|u http://elibrary.imf.org/view/books/081/22085-9781484358696-es/22085-9781484358696-es-book.xml
|z IMF e-Library
|